| 000 | 00789nam a2200265 4500 | ||
|---|---|---|---|
| 001 | 46544 | ||
| 003 | BD-RjUL | ||
| 005 | 20211209054152.0 | ||
| 008 | 1608 s1953 II a b 001 0 eng | ||
| 035 | _a(BD-RjUL)46663 | ||
| 040 |
_aDLC _cCSU _dNRC _dOCLCQ _dZCU _dBD-RjUL _beng |
||
| 041 | _aeng | ||
| 082 |
_a323.35 _bSAM 1953 |
||
| 099 |
_a360.21 _aS21 |
||
| 100 | 1 |
_aSanders, Irwin T. _q(Irwin Taylor), _d1909-2005. _9102690 |
|
| 245 | 1 | 0 |
_aMaking good communities better / _cby Irwin T. Sanders. |
| 250 | _aRevised ed. | ||
| 260 |
_aBombay : _bAllied pacific private ltd, _cc1953. |
||
| 300 |
_avi,183 p. : _bill. ; _c24 cm. |
||
| 500 | _aErratum slip inserted. | ||
| 504 | _aIncludes index. | ||
| 650 | 0 |
_aCommunity organization. _9102691 |
|
| 942 |
_2ddc _cBK |
||
| 999 |
_c46544 _d46544 |
||